000 00261nam a22001217a 4500
008 171127b xxu||||| |||| 00| 0 eng d
041 _aeng
080 _a7
100 _a45
101 _aART
245 _aFRANKFURTER KUNSTKABINETT
_cRATH,H,B
942 _2udc
_cBK
999 _c38567
_d38567